Menový vývoj v SR v roku 1995. 1
Správa o menovom vývoji za rok 1995 spracovaná podľa predbežných údajov z bankového sektora a z reálnej ekonomiky. Vývoj inflácie, devízových rezerv NBS, úverov, úrokových mier. Peňažná zásoba. Rozpočtové hospodárenie a vnútorná zadlženosť vlády.
Saved in:
| Format: | Book Chapter |
|---|---|
| Language: | Slovak |
| Subjects: | |
| Tags: |
No Tags, Be the first to tag this record!
|
MARC
| LEADER | 00000naa a2200000 4500 | ||
|---|---|---|---|
| 001 | r020375 | ||
| 005 | 20230921074250.9 | ||
| 041 | 0 | |a slo | |
| 044 | |a SK | ||
| 245 | 1 | 0 | |a Menový vývoj v SR v roku 1995. 1 |
| 520 | |a Správa o menovom vývoji za rok 1995 spracovaná podľa predbežných údajov z bankového sektora a z reálnej ekonomiky. Vývoj inflácie, devízových rezerv NBS, úverov, úrokových mier. Peňažná zásoba. Rozpočtové hospodárenie a vnútorná zadlženosť vlády. | ||
| 610 | 2 | 0 | |a Slovensko |
| 610 | 2 | 0 | |a 1995 |
| 610 | 2 | 0 | |a vývoj menový |
| 610 | 2 | 0 | |a inflácia |
| 610 | 2 | 0 | |a devízy |
| 610 | 2 | 0 | |a NBS Bratislava |
| 610 | 2 | 0 | |a úver |
| 610 | 2 | 0 | |a úrok |
| 610 | 2 | 0 | |a zadlženosť vnútorná |
| 610 | 2 | 0 | |a zásoba peňažná |
| 610 | 2 | 0 | |a rozpočet štátny |
| 610 | 2 | 0 | |a údaje štatistické |